Untersuchungen über Raumgewicht und Druckfestigkeit des Holzes wichtiger Waldbäume, ausgeführt von der Preussischen Hauptstation des forstllichen Versuchswesens zu Eberswalde and der Mechanisch-technischen Versuchsanstalt zu Charlottenburg; T. 3, 4; Die Kiefer. Fichte, Weisstanne, Weymuthskiefer und Rothbuche

Podrobná bibliografie
Další autoři: Schwappach A. Adam (редактор)
Jazyk:němčina
Vydáno: Berlin, Verlag von Julius Springer, 1897
Témata:
Médium: MixedMaterials Kniha
KOHA link:https://koha.lib.tpu.ru/cgi-bin/koha/opac-detail.pl?biblionumber=352752

MARC

LEADER 00000nam0a2200000 4500
001 352752
005 20231102010528.0
035 |a (RuTPU)RU\TPU\retro\9518 
090 |a 352752 
100 |a 20200204d1897 k y0gery50 ba 
101 0 |a ger 
102 |a DE 
105 |a a z 000zy 
200 1 |a Untersuchungen über Raumgewicht und Druckfestigkeit des Holzes wichtiger Waldbäume, ausgeführt von der Preussischen Hauptstation des forstllichen Versuchswesens zu Eberswalde and der Mechanisch-technischen Versuchsanstalt zu Charlottenburg  |f bearbeitet von A. Schwappach  |h T. 3, 4  |i Die Kiefer. Fichte, Weisstanne, Weymuthskiefer und Rothbuche 
210 |a Berlin  |c Verlag von Julius Springer  |d 1897 
215 |a 130 s. + 136 s.  |c il. 
316 |5 63413507: КР-6757  |a На титульном листе владельческий штамп Механической лаборатории Томского Технологического Института Императора Николая II 
541 1 |a Исследования плотности и прочности на сжатие древесины важных лесных деревьев, проведенные Прусской главной станцией лесного испытательного комплекса в Эберсвальде и механико-технического испытательного центра в Шарлоттенбурге.  |z ger  |h Кн. 3, 4  |i Сосна. Ель, пихта, сосна белая и европейский бук 
606 1 |a Древесина  |x Переработка  |2 stltpush  |3 (RuTPU)RU\TPU\subj\10101  |9 37230 
610 1 |a сосны 
610 1 |a хвойные породы 
610 1 |a исследование 
610 1 |a испытания 
610 1 |a прочность 
610 1 |a сжатие 
610 1 |a плотность 
610 1 |a методы 
610 1 |a влажность 
610 1 |a сухой вес 
610 1 |a усушка 
610 1 |a усадка 
610 1 |a результаты 
610 1 |a анализ 
610 1 |a немецкий язык 
675 |a 630.8  |v 4 
702 1 |a Schwappach  |b A.  |g Adam  |4 340 
801 1 |a RU  |b 63413507  |c 20200204 
801 2 |a RU  |b 63413507  |c 20200630  |g RCR 
942 |c BK